00322 a2200109 4500001001000000005001700010008004100027245004300068100002900111773005500140999001700195ART_3048520260410162003.0260409a 10aEl nacionalismo y la naturaleza humana1 aMontaner, Carlos Alberto0 tForo políticog- Vol. XVII (ago. 1996)wREV30389 c31457d31457